[Event "Euro Online U2300 Day 1"]
[Site "chess.com INT"]
[Date "2020.05.25"]
[Round "2"]
[White "Raeber, Markus"]
[Black "Vuckovic, Marko"]
[Result "1-0"]
[WhiteElo "2237"]
[BlackElo "2059"]
[WhiteFideId "1302108"]
[BlackFideId "16501870"]
[EventDate "2020.05.25"]

1. d4 Nf6 2. Nf3 e6 3. c4 Bb4+ 4. Bd2 c5 5. dxc5 Bxc5 6. g3 Qb6 7. e3 Qxb2 8.
Nc3 Qb6 9. Bg2 Na6 10. O-O O-O 11. Na4 Qc7 12. Bc3 Ne4 13. Bb2 Rb8 14. Nxc5
Naxc5 15. Qd4 Nf6 16. Qh4 Nfe4 17. Rad1 b6 18. Nd4 Bb7 19. Nb5 Qd8 20. Qf4 a6
21. Nd6 Nxd6 22. Rxd6 Bxg2 23. Kxg2 Qc7 24. Rfd1 Rbc8 25. Kg1 Na4 26. Bd4 f6 27.
Qg4 Qxd6 28. Bxf6 Qxd1+ 29. Qxd1 gxf6 30. Qxa4 Rc6 31. Qxa6 Rfc8 32. Qb7 R8c7
33. Qb8+ Kg7 34. Kg2 Rxc4 35. Qxb6 R4c6 36. Qd4 Rc2 37. a4 Ra2 38. Qg4+ Kf7 39.
Qh5+ Kg7 40. Qb5 Ra7 41. h4 R2xa4 42. h5 Ra2 43. g4 Rd2 44. Kg3 Raa2 45. g5 Rxf2
46. Qxd7+ Kg8 47. Qxe6+ Kg7 48. Qe7+ Kg8 49. gxf6 Rg2+ 50. Kf3 Raf2+ 51. Ke4
Rg4+ 52. Kd3 Rgf4 53. Qe8# 1-0

[Event "Euro Online U2300 Day 1"]
[Site "chess.com INT"]
[Date "2020.05.25"]
[Round "2"]
[White "Solakoglu, Ozgur"]
[Black "Petricek, Lukas"]
[Result "0-1"]
[WhiteTitle "FM"]
[WhiteElo "1967"]
[BlackElo "2096"]
[WhiteFideId "6300510"]
[BlackFideId "23703318"]
[EventDate "2020.05.25"]

1. e4 c5 2. Nf3 Nc6 3. d4 cxd4 4. Nxd4 g6 5. Nc3 Bg7 6. Be3 Nf6 7. Be2 O-O 8.
O-O a6 9. Qd2 d6 10. Rfd1 Qc7 11. Rac1 b5 12. Nxc6 Qxc6 13. Bf3 Bg4 14. Nd5 Nxd5
15. Bxg4 Nxe3 16. Qxe3 Bxb2 17. Rb1 Qxc2 18. Bf3 Be5 19. Rbc1 Qxa2 20. Rc7 Qe6
21. h3 Qf6 22. g3 Rfc8 23. Rdc1 Rxc7 24. Rxc7 d5 25. Rb7 d4 26. Qd3 Rc8 27. Bg4
Rc3 28. Qd2 h5 29. Be2 Bxg3 30. Bf1 Bf4 31. Qe2 d3 32. Qf3 d2 33. Qe2 Rc1 34.
Rd7 Re1 35. Qf3 Qg5+ 36. Qg2 Qxg2+ 37. Kxg2 d1=Q 0-1

[Event "Euro Online U2300 Day 1"]
[Site "chess.com INT"]
[Date "2020.05.25"]
[Round "2"]
[White "De Blecourt, Sandra"]
[Black "Le Goff, Ronan"]
[Result "0-1"]
[WhiteTitle "WFM"]
[BlackTitle "FM"]
[WhiteElo "2038"]
[BlackElo "2267"]
[WhiteFideId "1004948"]
[BlackFideId "612073"]
[EventDate "2020.05.25"]

1. d4 d5 2. c4 e6 3. Nc3 Nf6 4. cxd5 exd5 5. Bg5 c6 6. Qc2 Nbd7 7. e3 Be7 8. Bd3
h6 9. Bh4 Nh5 10. Bxe7 Qxe7 11. Nge2 Nb6 12. h3 Bd7 13. O-O-O O-O-O 14. Kb1 Kb8
15. Rhe1 Rhe8 16. f3 Qxe3 17. Bf5 Bxf5 18. Qxf5 Nf6 19. Nc1 Qg5 20. Qxg5 hxg5
21. Nd3 Nc4 22. b3 Ne3 23. Rd2 Nf5 24. Ne5 Re6 25. Rc1 Nd6 26. Na4 Ree8 27. Nc5
Nh7 28. a4 Nf8 29. a5 f6 30. Ned3 a6 31. Nb4 Rc8 32. Na4 Re3 33. Kb2 Nd7 34.
Rdc2 Nb5 35. Nxd5 Rxb3+ 36. Kxb3 Nxd4+ 37. Kb2 Nxc2 38. Ndb6 Nxb6 39. Nxb6 Nb4
40. Kb3 Nd3 41. Rd1 Ne5 42. Nxc8 Kxc8 43. Kb4 Kc7 44. Kc5 Nd7+ 45. Kc4 b5+ 46.
axb6+ Nxb6+ 47. Kc5 Nd7+ 48. Kb4 c5+ 49. Ka5 Nb8 50. Rd5 Nc6+ 51. Ka4 Kb6 52.
Rd7 c4 53. Rxg7 a5 54. Rg6 Kc5 55. Rxf6 Nd4 56. Rg6 c3 57. Rxg5+ Kc4 58. Kxa5 c2
59. Rg8 Nb3+ 60. Ka4 Nc5+ 0-1

[Event "Euro Online U2300 Day 1"]
[Site "chess.com INT"]
[Date "2020.05.25"]
[Round "2"]
[White "Yanev, Pavel"]
[Black "Fedorov, Evgueny"]
[Result "1-0"]
[BlackTitle "FM"]
[WhiteElo "2267"]
[BlackElo "2236"]
[WhiteFideId "2910756"]
[BlackFideId "4188004"]
[EventDate "2020.05.25"]

1. e4 Nf6 2. e5 Nd5 3. Nc3 c6 4. d4 d6 5. Nf3 Bg4 6. h3 Bxf3 7. Qxf3 Nb4 8. Bc4
e6 9. Qe2 Qb6 10. Be3 d5 11. Bb3 Be7 12. O-O O-O 13. f4 g6 14. g4 Qd8 15. f5 Bg5
16. f6 Bxe3+ 17. Qxe3 Kh8 18. Ne2 Nd7 19. h4 c5 20. c3 Nc6 21. h5 g5 22. Qxg5
Rg8 23. Qf4 Qb6 24. Kh2 cxd4 25. cxd4 a5 26. Rac1 Ncxe5 27. dxe5 Nxe5 28. Qxe5
Rxg4 29. Rc3 Rag8 30. Rg3 a4 31. Rxg4 Rxg4 32. Kh3 Qb4 33. Rf4 Rxf4 34. Qb8+ 1-0

[Event "Euro Online U2300 Day 1"]
[Site "chess.com INT"]
[Date "2020.05.25"]
[Round "2"]
[White "Budisavljevic, Luka"]
[Black "Volovich, Vasily"]
[Result "1-0"]
[WhiteTitle "FM"]
[BlackTitle "FM"]
[WhiteElo "2444"]
[BlackElo "2177"]
[WhiteFideId "960047"]
[BlackFideId "34169676"]
[EventDate "2020.05.25"]

1. d4 e6 2. Bf4 Nf6 3. e3 c5 4. Nf3 Nc6 5. Nbd2 d5 6. c3 Bd6 7. Bg3 h6 8. Bd3
O-O 9. Ne5 Qc7 10. f4 a6 11. O-O b5 12. Bh4 Ne8 13. Qh5 f5 14. g4 Bxe5 15. fxe5
Qf7 16. Qxf7+ Rxf7 17. g5 c4 18. Be2 Kh7 19. Kf2 Bd7 20. Rg1 Ne7 21. gxh6 Ng6
22. Bh5 Nxh4 23. Bxf7 Kxh6 24. Nf3 Nxf3 25. Rg6+ Kh7 26. Kxf3 b4 27. Rag1 bxc3
28. R1g3 cxb2 29. Rh3# 1-0

[Event "Euro Online U2300 Day 1"]
[Site "chess.com INT"]
[Date "2020.05.25"]
[Round "2"]
[White "Kabadayi, Can"]
[Black "Shishigin, Dmitry"]
[Result "0-1"]
[WhiteElo "2176"]
[BlackElo "2219"]
[WhiteFideId "6306810"]
[BlackFideId "24104353"]
[EventDate "2020.05.25"]

1. d4 Nf6 2. c4 e6 3. g3 d5 4. Bg2 dxc4 5. Nf3 Bb4+ 6. Bd2 a5 7. Qc2 Bxd2+ 8.
Nbxd2 b5 9. a4 c6 10. Ne5 Ra6 11. e3 Nd5 12. O-O f6 13. Nef3 O-O 14. Ne4 Qe7 15.
Nc5 Ra7 16. Nd2 Nd7 17. Nde4 N7b6 18. h4 e5 19. dxe5 Qxe5 20. Qd2 b4 21. f4 Qe7
22. f5 Qe5 23. g4 Re7 24. Rae1 Rfe8 25. Rd1 c3 26. bxc3 Nxc3 27. Rc1 Nbd5 28.
Nxc3 bxc3 29. Bxd5+ cxd5 30. Rxc3 h5 31. gxh5 Bxf5 32. Rb3 Bh3 33. Rf3 Bg4 34.
Rf4 Bxh5 35. Qxa5 d4 36. Rxd4 Qg3+ 37. Kf1 Bf3 38. Qd2 Qh3+ 39. Ke1 Qh1+ 40. Kf2
Qg2+ 41. Ke1 Qg1# 0-1

[Event "Euro Online U2300 Day 1"]
[Site "chess.com INT"]
[Date "2020.05.25"]
[Round "2"]
[White "Gevorgyan, Albert"]
[Black "Randazzo, Adrian"]
[Result "0-1"]
[BlackTitle "FM"]
[WhiteElo "2170"]
[BlackElo "2293"]
[WhiteFideId "13309951"]
[BlackFideId "114251"]
[EventDate "2020.05.25"]

1. Nf3 c5 2. c4 g6 3. d4 cxd4 4. Nxd4 Bg7 5. e4 Nf6 6. Nc3 Nc6 7. Be3 O-O 8. Be2
d6 9. O-O Bd7 10. Nc2 a6 11. f3 Rc8 12. Qd2 Be6 13. Rac1 Qa5 14. Na3 Nd7 15.
Nab1 f5 16. exf5 gxf5 17. Rfd1 Bf7 18. b3 Nf6 19. a3 e5 20. b4 Qd8 21. Qxd6 Qe8
22. Nd5 Nxd5 23. cxd5 Nd4 24. Rxc8 Nxe2+ 25. Kf2 Qxc8 26. Kxe2 Qc2+ 27. Nd2 e4
28. Qc5 Qd3+ 29. Ke1 Bc3 30. Kf2 f4 31. Nxe4 fxe3+ 32. Qxe3 Qxd1 33. Qxc3 Bg6
34. Nf6+ Kf7 35. Nd7 Re8 36. Ne5+ Kg8 37. d6 Qc2+ 38. Qxc2 Bxc2 39. d7 Rd8 40.
Ke3 Bf5 41. g4 Bxd7 42. f4 Bb5 43. f5 Rd1 44. Kf4 Ra1 45. Kg5 Rxa3 46. h4 Rb3
47. Kf6 Rxb4 48. h5 a5 49. g5 a4 50. h6 Be8 51. Ke7 Re4 52. Kf6 a3 53. g6 a2 0-1

[Event "Euro Online U2300 Day 1"]
[Site "chess.com INT"]
[Date "2020.05.25"]
[Round "2"]
[White "Mirimanian, Hayk"]
[Black "Mesnyankin, Nikita"]
[Result "1/2-1/2"]
[WhiteTitle "FM"]
[WhiteElo "2268"]
[BlackElo "2176"]
[WhiteFideId "4700180"]
[BlackFideId "24175935"]
[EventDate "2020.05.25"]

1. e4 e5 2. Nf3 Nc6 3. Bc4 Bc5 4. d3 Nf6 5. O-O O-O 6. Re1 d6 7. c3 a6 8. a4 Ba7
9. h3 h6 10. Nbd2 Ne7 11. d4 Ng6 12. Bf1 Re8 13. a5 Be6 14. d5 Bd7 15. b4 c6 16.
Nc4 cxd5 17. Nxd6 Nxe4 18. Nxe4 dxe4 19. Rxe4 Bc6 20. Qxd8 Raxd8 21. Re1 e4 22.
Nd4 Bxd4 23. cxd4 Rxd4 24. Rb1 Rd5 25. Bc4 Rf5 26. Be3 Ne5 27. Rec1 Nxc4 28.
Rxc4 Rd8 29. Rbc1 Rd6 30. Kh2 Re6 31. Rd4 Rd5 32. Rxd5 Bxd5 33. Rc7 Bc6 34. g4
Rf6 35. h4 Rd6 36. h5 Rd3 37. Rc8+ Kh7 38. Rc7 Kg8 39. Rc8+ Kh7 40. Rc7 Kg8 1/2-1/2

[Event "Euro Online U2300 Day 1"]
[Site "chess.com INT"]
[Date "2020.05.25"]
[Round "2"]
[White "Pala, Giorgio"]
[Black "Rjabzev, Konstantin"]
[Result "0-1"]
[BlackTitle "IM"]
[WhiteElo "1998"]
[BlackElo "2258"]
[WhiteFideId "852406"]
[BlackFideId "4150015"]
[EventDate "2020.05.25"]

1. c4 e6 2. Nc3 d5 3. cxd5 exd5 4. d4 Be7 5. Qc2 c6 6. Bf4 Bd6 7. Bxd6 Qxd6 8.
Nf3 Ne7 9. e3 Bf5 10. Bd3 Bxd3 11. Qxd3 O-O 12. O-O Nd7 13. Rab1 h6 14. b4 b5
15. a4 a6 16. a5 f5 17. Ne2 Nf6 18. Ne5 Qc7 19. Nf4 Rfc8 20. Rfc1 Ne4 21. Ne6
Qa7 22. Nc5 Nd6 23. f3 Nc4 24. e4 dxe4 25. fxe4 fxe4 26. Qxe4 Nd2 27. Qg4 Nxb1
28. Rxb1 Rf8 29. Qe6+ Kh7 30. Ned7 Nd5 31. Nxf8+ Rxf8 32. Rf1 Rxf1+ 33. Kxf1 Qc7
34. Nd7 Qf4+ 35. Ke2 Nxb4 36. Ne5 Qe4+ 37. Kf1 Nd3 0-1

[Event "Euro Online U2300 Day 1"]
[Site "chess.com INT"]
[Date "2020.05.25"]
[Round "2"]
[White "Korneevets, Alexander"]
[Black "Bivol, Alina"]
[Result "0-1"]
[WhiteTitle "IM"]
[BlackTitle "WGM"]
[WhiteElo "2267"]
[BlackElo "2386"]
[WhiteFideId "13500180"]
[BlackFideId "4100123"]
[EventDate "2020.05.25"]

1. e4 e6 2. d4 d5 3. Nd2 c5 4. exd5 exd5 5. dxc5 Bxc5 6. Nb3 Bb6 7. Nf3 Nf6 8.
Be2 O-O 9. O-O Nc6 10. Bg5 h6 11. Bh4 g5 12. Bg3 Ne4 13. Nfd4 f5 14. f3 Nxg3 15.
hxg3 Re8 16. c3 a5 17. a4 Qe7 18. Bb5 Bd7 19. Re1 Qd6 20. f4 gxf4 21. gxf4 Qxf4
22. Qh5 Qg5 23. Qf3 f4 24. Rxe8+ Rxe8 25. Rf1 Rf8 26. Re1 Bg4 27. Qf2 f3 28. g3
Bd7 29. Re3 Qh5 30. Bxc6 bxc6 31. Re7 Bh3 32. Nd2 Bg2 33. Qe3 Qh1+ 34. Kf2 Bh3
35. N2xf3 Qf1# 0-1

[Event "Euro Online U2300 Day 1"]
[Site "chess.com INT"]
[Date "2020.05.25"]
[Round "2"]
[White "Potapova, Margarita"]
[Black "Schekachikhin, Maksim"]
[Result "1/2-1/2"]
[WhiteTitle "WIM"]
[BlackTitle "IM"]
[WhiteElo "2270"]
[BlackElo "2406"]
[WhiteFideId "14126869"]
[BlackFideId "24177830"]
[EventDate "2020.05.25"]

1. d4 Nf6 2. c4 e6 3. Nf3 a6 4. Nc3 d5 5. cxd5 exd5 6. Bg5 Be6 7. Bxf6 Qxf6 8.
Qb3 Ra7 9. g3 Qd8 10. Bg2 Be7 11. O-O O-O 12. Rad1 c6 13. Qc2 Nd7 14. e4 dxe4
15. Nxe4 Ra8 16. Rfe1 Re8 17. a3 Bd5 18. Ne5 Qc7 19. h4 Rad8 20. Ng5 Bxg5 21.
Bxd5 Nxe5 22. dxe5 Rxe5 23. Be4 Bf6 24. Bxh7+ Kh8 25. Rxd8+ Qxd8 26. Rxe5 Bxe5
27. Be4 Qd4 28. Kg2 Qxb2 29. Qd3 Qd4 30. Qf3 Kg8 31. h5 Qd7 32. Bf5 Qe7 33. Be4
Qf6 34. Qg4 Qe6 35. Bf5 Qd5+ 36. Be4 Qe6 37. Bf5 Qd5+ 38. Be4 Qe6 1/2-1/2

[Event "Euro Online U2300 Day 1"]
[Site "chess.com INT"]
[Date "2020.05.25"]
[Round "2"]
[White "Monteverde, Jonathan"]
[Black "Kryger, Oksana"]
[Result "1-0"]
[BlackTitle "WIM"]
[WhiteElo "2105"]
[BlackElo "2107"]
[WhiteFideId "1314580"]
[BlackFideId "1404695"]
[EventDate "2020.05.25"]

1. d4 d5 2. c4 dxc4 3. Nf3 Nf6 4. e3 e6 5. Bxc4 a6 6. O-O c5 7. dxc5 Qxd1 8.
Rxd1 Bxc5 9. Nbd2 Nc6 10. Be2 O-O 11. b3 b6 12. Bb2 Bb7 13. Rac1 Rac8 14. Nc4
Ne4 15. Nce5 Nxe5 16. Nxe5 Nf6 17. Nc4 Rfd8 18. a3 a5 19. Rxd8+ Rxd8 20. Nxa5
Bxa3 21. Bxa3 bxa5 22. Rc7 Bd5 23. b4 axb4 24. Bxb4 Rb8 25. f3 h6 26. Bc3 Ne8
27. Ra7 Ra8 28. Rxa8 Bxa8 29. e4 f6 30. Bc4 Kf7 31. Bb4 Bc6 32. Kf2 Nc7 33. Ke3
Bb5 34. Bb3 Na6 35. Bd6 Bf1 36. f4 g6 37. g4 Bb5 38. f5 gxf5 39. exf5 Ke8 40.
fxe6 Bc6 41. Bc4 Bb7 42. Bb5+ Kd8 43. e7+ 1-0

[Event "Euro Online U2300 Day 1"]
[Site "chess.com INT"]
[Date "2020.05.25"]
[Round "2"]
[White "Musovic, Armin"]
[Black "Gorsek, Gregor"]
[Result "1-0"]
[WhiteTitle "FM"]
[WhiteElo "2219"]
[BlackElo "2088"]
[WhiteFideId "939935"]
[BlackFideId "14605899"]
[EventDate "2020.05.25"]

1. a3 g6 2. Nc3 Bg7 3. e4 d6 4. d4 Nc6 5. d5 Nd4 6. Nf3 Bg4 7. Be2 Bxf3 8. Bxf3
Nxf3+ 9. Qxf3 e5 10. dxe6 fxe6 11. O-O Qf6 12. Qd3 a6 13. Qc4 Qf7 14. Qb3 b6 15.
Bg5 h6 16. Be3 Nf6 17. h3 O-O 18. Rad1 e5 19. Nd5 Kh7 20. Nxf6+ Bxf6 21. Qxf7+
Rxf7 22. c4 a5 23. b3 Bg5 24. Bxg5 hxg5 25. Rd5 Kh6 26. Rc1 Kh5 27. f3 Kh6 28.
b4 axb4 29. axb4 Kh5 30. c5 bxc5 31. bxc5 Rd8 32. cxd6 cxd6 33. Rc6 Rfd7 34. Kf2
Kh6 35. Kg3 Kh5 36. Rb6 g4 37. f4 gxh3 38. Kxh3 Kh6 39. fxe5 dxe5 40. Rxe5 Rd1
41. Ree6 Rh1+ 42. Kg4 Rg8 43. Re7 Rg7 44. Re8 Rh5 45. Rh8+ Rh7 46. Rxh7+ Kxh7
47. Kf4 Kg7 48. g4 Rh1 49. g5 Rf1+ 50. Ke5 Rf2 51. Rb7+ Kf8 52. Ke6 Ra2 53. Rb6
Kg7 54. e5 Ra7 55. Rd6 Kf8 56. Rd8+ Kg7 57. Rd7+ Rxd7 58. Kxd7 Kf7 59. e6+ Kg7
60. e7 Kf7 61. e8=Q+ Kg7 62. Qe7+ Kg8 63. Ke6 Kh8 64. Kf6 Kg8 65. Kxg6 Kh8 66.
Qg7# 1-0

[Event "Euro Online U2300 Day 1"]
[Site "chess.com INT"]
[Date "2020.05.25"]
[Round "2"]
[White "Medar, Marti"]
[Black "Agrest, Inna"]
[Result "1-0"]
[BlackTitle "WIM"]
[WhiteElo "2019"]
[BlackElo "2284"]
[WhiteFideId "4501870"]
[BlackFideId "1708830"]
[EventDate "2020.05.25"]

1. d4 Nf6 2. Bf4 g6 3. Nc3 d5 4. Qd2 Bg7 5. f3 c6 6. e4 O-O 7. e5 Ne8 8. h4 f6
9. h5 fxe5 10. Bxe5 Nf6 11. hxg6 hxg6 12. Bd3 Bf5 13. g4 Bxd3 14. Qxd3 Nbd7 15.
Qxg6 Qe8 16. Qd3 e6 17. Bd6 e5 18. Bxf8 exd4+ 19. Nce2 Nxf8 20. g5 N6d7 21.
O-O-O Nc5 22. Qf5 Na4 23. Nf4 Qe7 24. Nd3 Rd8 25. Re1 Qc7 26. f4 c5 27. g6 c4
28. Ne5 c3 29. Qf7+ Qxf7 30. gxf7# 1-0

[Event "Euro Online U2300 Day 1"]
[Site "chess.com INT"]
[Date "2020.05.25"]
[Round "2"]
[White "Bounlom, Jannik"]
[Black "Makropoulou, Marina"]
[Result "0-1"]
[BlackTitle "WGM"]
[WhiteElo "2102"]
[BlackElo "2173"]
[WhiteFideId "1334930"]
[BlackFideId "4200187"]
[EventDate "2020.05.25"]

1. e4 c5 2. Nf3 e6 3. d4 cxd4 4. Nxd4 Nc6 5. Nc3 a6 6. Be3 Nf6 7. Qd2 Bb4 8. f3
d5 9. a3 Qa5 10. exd5 Nxd5 11. Nb3 Bxc3 12. Nxa5 Bxd2+ 13. Bxd2 Nxa5 14. Bxa5 b6
15. Bd2 Bb7 16. O-O-O O-O 17. Bd3 Rfd8 18. Rhe1 h6 19. Be4 Rac8 20. Kb1 Ba8 21.
Bd3 b5 22. Ba5 Re8 23. a4 Bc6 24. axb5 axb5 25. Be4 Ra8 26. Bxd5 Bxd5 27. Bb4
Ra4 28. Rxd5 Rea8 29. c4 exd5 30. Bc3 Ra1+ 31. Kc2 Rxe1 32. Bxe1 dxc4 33. Bb4
Ra1 34. Kc3 Rg1 35. g3 Rg2 36. Kd4 Rxb2 37. Kc5 Rxh2 38. Kxb5 Rg2 39. g4 Rg3 40.
Kxc4 Rxf3 41. Bc5 Rf4+ 42. Kd3 Rxg4 0-1

[Event "Euro Online U2300 Day 1"]
[Site "chess.com INT"]
[Date "2020.05.25"]
[Round "2"]
[White "Curtacci, Sergio"]
[Black "Ghimpu, Samuel-Timotei"]
[Result "1/2-1/2"]
[BlackTitle "FM"]
[WhiteElo "2038"]
[BlackElo "2302"]
[WhiteFideId "858048"]
[BlackFideId "1238175"]
[EventDate "2020.05.25"]

1. d4 Nf6 2. Nf3 g6 3. e3 Bg7 4. Bd3 O-O 5. Nbd2 c5 6. c3 d5 7. O-O Nc6 8. h3
Qd6 9. Qe2 Bf5 10. dxc5 Qxc5 11. Bxf5 gxf5 12. Nd4 e6 13. N2b3 Qb6 14. Rb1 Ne4
15. Kh2 a5 16. Nd2 Nd6 17. b3 Nxd4 18. exd4 Rfc8 19. Bb2 a4 20. g4 axb3 21. axb3
Ra2 22. Rg1 Rxb2 23. Rxb2 Rxc3 24. Nf3 Kf8 25. b4 Bxd4 26. Nxd4 Qxd4 27. Rg3 Qf4
28. Kg2 Rc8 29. Qf3 Qe5 30. Re2 Qd4 31. gxf5 Nxf5 32. Qg4 Qxg4 33. Rxg4 h5 34.
Rg5 Rc4 35. Rxh5 Rxb4 36. Rc2 b5 37. Rc7 Kg7 38. Rd7 d4 39. Kf3 Kf6 40. Rh7 Ke5
41. Rhxf7 Rb3+ 42. Kg2 b4 43. Rf8 Rc3 44. Rb7 b3 45. Rfb8 Nh4+ 46. Kf1 Nf3 47.
Kg2 Ne1+ 48. Kf1 Nf3 49. Kg2 Nh4+ 50. Kf1 Nf3 1/2-1/2

[Event "Euro Online U2300 Day 1"]
[Site "chess.com INT"]
[Date "2020.05.25"]
[Round "2"]
[White "Lopez Del Alamo, Antonio"]
[Black "Kudrytskyi, Stanislav"]
[Result "1/2-1/2"]
[WhiteTitle "FM"]
[WhiteElo "2283"]
[BlackElo "2057"]
[WhiteFideId "2227339"]
[BlackFideId "14133091"]
[EventDate "2020.05.25"]

1. e4 d6 2. d4 Nf6 3. Nc3 e5 4. Nf3 Nbd7 5. Bc4 Be7 6. O-O O-O 7. a4 c6 8. Re1
b6 9. b3 Bb7 10. Bb2 a6 11. Bf1 Qc7 12. Bd3 Rfe8 13. Ne2 Bf8 14. Ng3 Rad8 15.
dxe5 dxe5 16. Qe2 Nc5 17. Rad1 b5 18. axb5 cxb5 19. Nd2 Ne6 20. Nf3 Nf4 21. Qf1
Bb4 22. Re3 Bc5 23. Nf5 Bxe3 24. fxe3 Ng6 25. Nd2 Ne7 26. Nh6+ Kf8 27. Ba3 Qb6
28. Nf5 b4 29. Nc4 Qc5 30. Bb2 Nxf5 31. Qxf5 Bc8 32. Qf3 Bg4 33. Qg3 Bxd1 34.
Bxe5 Bh5 35. Bd6+ Rxd6 36. Nxd6 Qe5 37. Nxe8 Qxg3 38. hxg3 Kxe8 39. Bxa6 Nxe4
40. Bd3 Nxg3 41. Kf2 Nh1+ 42. Kg1 Ng3 43. Kf2 Nh1+ 44. Kg1 Ng3 1/2-1/2

[Event "Euro Online U2300 Day 1"]
[Site "chess.com INT"]
[Date "2020.05.25"]
[Round "2"]
[White "Prydun, Andriy"]
[Black "Akhmedov, David"]
[Result "1-0"]
[WhiteTitle "FM"]
[WhiteElo "2254"]
[BlackElo "1808"]
[WhiteFideId "14145898"]
[BlackFideId "34220194"]
[EventDate "2020.05.25"]

1. d4 d6 2. Nf3 Nf6 3. g3 g6 4. Bg2 Bg7 5. O-O O-O 6. c4 Nc6 7. Nc3 e5 8. d5 Ne7
9. Qc2 Nd7 10. Nd2 f5 11. Rb1 e4 12. b4 b6 13. Nb3 Ba6 14. c5 bxc5 15. bxc5 Nxc5
16. Nxc5 dxc5 17. Rd1 Bd4 18. Nb5 Bxb5 19. Rxb5 Nxd5 20. e3 Nc3 21. exd4 Nxd1
22. Qxd1 Qxd4 23. Qc2 Rad8 24. Bf1 h6 25. Bb2 Qd2 26. Qxc5 Rd7 27. Bc4+ Rff7 28.
Rb8+ Kh7 29. Rh8# 1-0

[Event "Euro Online U2300 Day 1"]
[Site "chess.com INT"]
[Date "2020.05.25"]
[Round "2"]
[White "Spitzl, Vinzent"]
[Black "Hryzlova, Sofiia"]
[Result "1-0"]
[WhiteTitle "FM"]
[WhiteElo "2346"]
[BlackElo "1940"]
[WhiteFideId "12901253"]
[BlackFideId "14174669"]
[EventDate "2020.05.25"]

1. e4 c5 2. Nf3 Nc6 3. d4 cxd4 4. Nxd4 Nf6 5. Nc3 d6 6. Bg5 Bd7 7. Qd2 h6 8.
Bxf6 gxf6 9. O-O-O Nxd4 10. Qxd4 Qa5 11. f4 Rc8 12. Kb1 Qc5 13. Be2 h5 14. Qd2
Bg7 15. Bf3 b5 16. Nd5 e6 17. Ne3 Ke7 18. Qd3 a5 19. Rhe1 a4 20. h3 Bh6 21. e5
fxe5 22. fxe5 d5 23. c3 a3 24. Bxd5 Bxe3 25. Bb3 Rc7 26. Rxe3 Qa7 27. Qd6+ Ke8
28. Rf3 Qb7 29. Rdf1 Bc6 30. R3f2 Bxg2 31. Rd1 Be4+ 32. Ka1 axb2+ 33. Kxb2 Rd7
34. Qxd7+ Qxd7 35. Rxd7 Kxd7 36. Rxf7+ Kc6 37. Bxe6 Re8 38. Bd7+ Kc5 39. Bxe8 1-0

[Event "Euro Online U2300 Day 1"]
[Site "chess.com INT"]
[Date "2020.05.25"]
[Round "2"]
[White "Injac, Teodora"]
[Black "Osipov, Aleksandr"]
[Result "1-0"]
[WhiteTitle "WIM"]
[WhiteElo "2286"]
[BlackElo "2030"]
[WhiteFideId "932400"]
[BlackFideId "44154364"]
[EventDate "2020.05.25"]

1. d4 e6 2. Nf3 Nf6 3. e3 b6 4. Bd3 Bb7 5. O-O Be7 6. c4 c5 7. Nc3 d6 8. d5 exd5
9. cxd5 Nbd7 10. e4 O-O 11. h3 Re8 12. Bf4 Bf8 13. Re1 a6 14. a4 Qc7 15. Rc1
Rac8 16. Bc4 g6 17. Qd3 Ra8 18. b3 Bg7 19. Qd2 Nh5 20. Bh6 Bh8 21. g4 Nhf6 22.
Bf4 Bg7 23. Re2 Rad8 24. Qd3 Ra8 25. Rce1 Ne5 26. Nxe5 dxe5 27. Be3 Qd6 28. Rb1
h5 29. f3 Bc8 30. Reb2 Bf8 31. b4 cxb4 32. Rxb4 Qxb4 33. Rxb4 Bxb4 34. Bxb6 Rb8
35. Bc7 Rb7 36. d6 hxg4 37. hxg4 Bc5+ 38. Kf1 Rb2 39. Nd5 Nxd5 40. Qxd5 Rf2+ 41.
Ke1 Be6 42. d7 Bxd7 43. Qxd7 Rf8 44. Bxe5 Rxf3 45. Bd6 Bxd6 46. Qxd6 Re3+ 47.
Kf2 Rxe4 48. Qxg6+ Kh8 49. Qxe4 Rd8 50. Bd3 Rc8 1-0

[Event "Euro Online U2300 Day 1"]
[Site "chess.com INT"]
[Date "2020.05.25"]
[Round "2"]
[White "Sargissyan, Sargis"]
[Black "Papakonstantinou, Dimitrios1"]
[Result "0-1"]
[WhiteTitle "FM"]
[WhiteElo "2269"]
[BlackElo "2250"]
[WhiteFideId "13303210"]
[BlackFideId "4218655"]
[EventDate "2020.05.25"]

1. e4 e5 2. Nf3 Nc6 3. Bb5 a6 4. Ba4 Nf6 5. O-O b5 6. Bb3 Bc5 7. d3 O-O 8. Nc3
h6 9. Nd5 d6 10. c3 Nxd5 11. Bxd5 Bd7 12. a4 Rb8 13. b4 Bb6 14. Be3 Ne7 15. Bb3
Kh8 16. axb5 axb5 17. Bxb6 Rxb6 18. d4 Ng6 19. Qd2 Bg4 20. Qe3 Qf6 21. Nd2 Nf4
22. f3 Bc8 23. Ra7 Qg5 24. Kf2 Qxg2+ 25. Ke1 Bh3 26. Kd1 Qxh2 27. Rg1 Rc6 28.
Re1 Ng2 29. Qf2 Rxc3 30. Nf1 Qf4 31. Bc2 Nxe1 0-1

[Event "Euro Online U2300 Day 1"]
[Site "chess.com INT"]
[Date "2020.05.25"]
[Round "2"]
[White "Jovancevic, Jovan"]
[Black "Kelly, Ladislau-Endre"]
[Result "1-0"]
[WhiteElo "2117"]
[BlackElo "2180"]
[WhiteFideId "900702"]
[BlackFideId "1214705"]
[EventDate "2020.05.25"]

1. d4 d5 2. c4 e5 3. dxe5 d4 4. Nf3 Nc6 5. a3 Nge7 6. Bg5 h6 7. Bh4 Be6 8. Nbd2
g5 9. Ne4 Bg7 10. Bg3 Nf5 11. Qa4 Nxg3 12. hxg3 g4 13. Nfd2 Bxe5 14. Nc5 Bc8 15.
O-O-O Qe7 16. Ndb3 h5 17. Nxb7 Bxb7 18. Na5 Qg5+ 19. e3 dxe3 20. Kb1 O-O 21.
Nxb7 Nd4 22. fxe3 Qxe3 23. Rxh5 Rab8 24. Qa6 Bg7 25. Bd3 f5 26. c5 Rf6 27. Qc4+
Kf8 28. Na5 Rf7 29. b4 Qe5 30. Rf1 Nb5 31. Qxf7+ Kxf7 32. Rhxf5+ Qxf5 33. Rxf5+
Ke7 34. Nc6+ Ke6 35. Nxb8 Nxa3+ 36. Ka2 Nc4 37. Rg5 Bf6 38. Bxc4+ 1-0

[Event "Euro Online U2300 Day 1"]
[Site "chess.com INT"]
[Date "2020.05.25"]
[Round "2"]
[White "Terbe, Zsuzsanna"]
[Black "Cevizci, Yusuf Baran"]
[Result "0-1"]
[WhiteTitle "WFM"]
[WhiteElo "2192"]
[BlackElo "1789"]
[WhiteFideId "708801"]
[BlackFideId "34565400"]
[EventDate "2020.05.25"]

1. d4 d5 2. Bf4 c5 3. e3 cxd4 4. exd4 Nc6 5. Nf3 Nf6 6. Nbd2 g6 7. Bb5 Bg7 8.
O-O O-O 9. h3 Nh5 10. Be3 Qc7 11. c3 f6 12. Qb3 Be6 13. Rfe1 Bf7 14. Qa4 a6 15.
Bxc6 bxc6 16. Nb3 e5 17. dxe5 fxe5 18. Ng5 Nf4 19. Nxf7 Qxf7 20. Qxc6 Rac8 21.
Qxa6 Bh6 22. Bxf4 Bxf4 23. Re2 e4 24. Nd4 Rce8 25. Rae1 e3 26. Nf3 exf2+ 27.
Kxf2 Ra8 28. Qb5 Rxa2 29. Re7 Qf5 30. Qb7 Bh6 31. R7e5 Qf7 32. Qxf7+ Rxf7 33.
R1e2 Rb7 34. Rxd5 Rbxb2 35. Rxb2 Rxb2+ 36. Kg3 Rc2 37. Rc5 Be3 38. Rc8+ Kg7 39.
c4 Kf6 40. Rc6+ Kg7 41. Ne5 Bd4 42. Ng4 h5 43. Nh2 Be5+ 44. Kf3 Bxh2 45. g3 Rc3+
46. Kg2 Bxg3 47. Rc8 h4 48. c5 g5 49. c6 Kf6 50. Rh8 Kf5 51. Rf8+ Ke4 52. Rc8
Rc2+ 53. Kf1 Kf3 54. Rf8+ Bf4 55. Ke1 Rc1# 0-1